Modern Japan : A concise survey

Modern Japan : a concise survey about: The setting; The political framework; Goverment; Law ang order; Foreign affairs and defence; Fimamce; Industry and commerce; Agriculture and infrastructure; Employment, health and welfare; Education and culture; Appendices...

Na minha lista:
Detalhes bibliográficos
Autor principal: Cortazzi, Hugh
Formato: Livro
Idioma:Undetermined
Publicado em: Japan The Japan Times 1994
Tags: Adicionar Tag
Sem tags, seja o primeiro a adicionar uma tag!
Thư viện lưu trữ: Trung tâm Học liệu Trường Đại học Cần Thơ
LEADER 00743nam a2200193Ia 4500
001 CTU_223130
008 210402s9999 xx 000 0 und d
082 |a 952.04 
082 |b C827 
100 |a Cortazzi, Hugh 
245 0 |a Modern Japan : 
245 2 |b A concise survey 
245 0 |c Hugh Cortazzi 
260 |a Japan 
260 |b The Japan Times 
260 |c 1994 
520 |a Modern Japan : a concise survey about: The setting; The political framework; Goverment; Law ang order; Foreign affairs and defence; Fimamce; Industry and commerce; Agriculture and infrastructure; Employment, health and welfare; Education and culture; Appendices... 
904 |i Vũ Anh, Trúc 
980 |a Trung tâm Học liệu Trường Đại học Cần Thơ